Type the Alphabet Twice in 15 Seconds - Statistics

General Stats
  • This quiz has been taken 255 times
    223 since last reset
  • The average score is 31 of 52
Answer Stats
Answer % Correct
a
100%
b
93%
c
91%
d
90%
e
89%
f
88%
g
86%
h
86%
i
81%
j
81%
k
81%
l
81%
m
81%
n
79%
o
77%
p
77%
q
74%
r
74%
s
73%
t
73%
u
72%
v
69%
w
68%
x
65%
y
65%
z
63%
a
57%
b
57%
c
57%
d
54%
e
51%
f
51%
g
49%
h
48%
i
48%
j
47%
k
47%
l
46%
m
44%
n
41%
o
41%
p
41%
q
35%
r
33%
s
33%
t
32%
u
31%
v
30%
w
27%
x
22%
y
22%
z
22%
No matching quizzes found
Score Distribution
Percent of People with Each Score
Percentile by Number Answered
Your Score History
You have not taken this quiz since the last reset